Rethinking socialist economics : a new agenda for Britain

Saved in:
Bibliographic Details
Other Authors: Nolan, Peter (Editor), Paine, Suzanne (Editor)
Format: Book
Language:English
Published: Cambridge, UK : Polity Press, in association with B. Blackwell, Oxford, 1986
Subjects:
Tags: Add Tag
No Tags, Be the first to tag this record!

MARC

LEADER 00000nam a2200000 i 4500
001 1/28349
008 950807s1986 eng d
020 |a 0745602983 ((pbk.))  |c Ή25.00 
020 |a 0745602991 
035 |l 10023022 
040 |a GR-MY-UA  |b gre  |e aacr 
041 0 |a eng 
082 0 |a 335.412 
245 1 0 |a Rethinking socialist economics :  |b a new agenda for Britain /  |c edited by Peter Nolan and Suzanne Paine 
260 |a Cambridge, UK :   |b Polity Press, in association with B. Blackwell, Oxford,   |c 1986 
300 |a viii, 373 p.;  |c 23 cm 
500 |a Papers originally presented at a conference organized by the Cambridge journal of economics in Jesus College, Cambridge, in June 1985 
504 |a Includes bibliographies 
650 0 0 |a Socialism  |z Great Britain  |x Congresses. 
651 0 |a Great Britain  |x Economic policy  |y 1945-  |x Congresses. 
700 1 |a Nolan, Peter.  |4 edt 
700 1 |a Paine, Suzanne.  |4 edt 
852 |a INST  |b CHIOS  |e 19960202  |h 335.412 RET  |p 005200003055  |q 005200003055  |t BK  |y 0 
852 |a INST  |b CHIOS  |e 19950807  |h 335.412 RET  |p 005200003090  |q 005200003090  |t BK  |y 0 
909 |a Χ  |b 031222 
909 |a Χ  |b 027173